[Event "FRA-ch op-A"]
[Site "Nancy"]
[Date "2013.08.22"]
[Round "10"]
[White "Larand, Manuel"]
[Black "Naudier, Serge"]
[Result "1/2-1/2"]
[WhiteElo "2004"]
[BlackElo "2194"]
[PlyCount "63"]
[EventDate "2013.08.11"]
[EventType "swiss"]
[EventRounds "11"]
[EventCountry "FRA"]
[SourceTitle "CBM 156 Extra"]
[Source "ChessBase"]
[SourceDate "2013.10.22"]
[SourceVersion "1"]
[SourceVersionDate "2013.10.22"]
[SourceQuality "1"]

1. c4 e5 2. g3 Nf6 3. Bg2 Nc6 4. Nc3 Bb4 5. Nd5 Bc5 6. e3 0-0 7. Ne2 Nxd5 8. cxd5 Ne7 9. 0-0 c6 10. d4 exd4 11. exd4 Bb6 12. Nc3 cxd5 13. Nxd5 Nxd5 14. Bxd5 Qf6 15. Be3 d6 16. Bg2 Rb8 17. a4 Qg6 18. a5 Bd8 19. d5 a6 20. Ba7 Ra8 21. Bd4 Bf5 22. Re1 Bf6 23. Rc1 Rac8 24. Qd2 Rxc1 25. Rxc1 Rc8 26. Rxc8+ Bxc8 27. Qc1 Qg4 28. Bf3 Qf5 29. Be4 Qg4 30. Bf3 Qf5 31. Be4 Qg4 32. Bf3 1/2-1/2

[Event "Creon op 16th"]
[Site "Creon"]
[Date "2011.08.06"]
[Round "8"]
[White "Daurelle, Herve"]
[Black "Larand, Manuel"]
[Result "1-0"]
[WhiteElo "2261"]
[BlackElo "1970"]
[PlyCount "69"]
[EventDate "2011.08.01"]
[EventType "swiss"]
[EventRounds "9"]
[EventCountry "FRA"]
[SourceTitle "CBM 143 Extra"]
[Source "ChessBase"]
[SourceDate "2011.08.29"]
[SourceVersion "1"]
[SourceVersionDate "2011.08.29"]
[SourceQuality "1"]

1. e4 d6 2. d4 Nf6 3. Nc3 g6 4. f4 Bg7 5. Nf3 0-0 6. Bd3 Na6 7. 0-0 c5 8. d5 Bg4 9. h3 Bxf3 10. Rxf3 Nc7 11. a4 Nd7 12. Bd2 b6 13. Kh1 a6 14. b3 Rb8 15. Qe1 b5 16. axb5 axb5 17. Rd1 Kh8 18. Ne2 e6 19. dxe6 fxe6 20. Ba5 Nb6 21. c4 b4 22. e5 d5 23. h4 d4 24. Be4 Bh6 25. g4 Ne8 26. g5 Bg7 27. h5 Bxe5 28. hxg6 hxg6 29. Qh4+ Kg8 30. Rh3 Bg7 31. Bxg6 Rf7 32. Bxf7+ Kxf7 33. g6+ Kxg6 34. f5+ exf5 35. Nf4+ 1-0

[Event "Condom op-A"]
[Site "Condom"]
[Date "2009.07.17"]
[Round "8"]
[White "Marciniak, Alexandre"]
[Black "Larand, Manuel"]
[Result "1-0"]
[WhiteElo "2152"]
[BlackElo "1953"]
[PlyCount "55"]
[EventDate "2009.07.11"]
[EventType "swiss"]
[EventRounds "9"]
[EventCountry "FRA"]
[SourceTitle "CBM 131 Extra"]
[Source "ChessBase"]
[SourceDate "2009.09.03"]
[SourceVersion "2"]
[SourceVersionDate "2009.09.16"]
[SourceQuality "1"]

1. e4 c6 2. Nc3 g6 3. d4 d6 4. Be3 b5 5. Bd3 a6 6. f4 Nf6 7. a3 Bg7 8. h3 Nbd7 9. Nf3 Nb6 10. 0-0 0-0 11. Qe1 Nfd7 12. Qh4 e6 13. Qf2 Bb7 14. Rad1 Qc7 15. f5 c5 16. Qh4 cxd4 17. fxg6 fxg6 18. Ng5 Rxf1+ 19. Rxf1 Nf8 20. Rf7 Qxf7 21. Nxf7 dxc3 22. bxc3 Kxf7 23. Bxb6 Rc8 24. Ba5 d5 25. Qf2+ Kg8 26. Qa7 dxe4 27. Qxb7 exd3 28. cxd3 1-0

[Event "Condom op-A"]
[Site "Condom"]
[Date "2009.07.11"]
[Round "1"]
[White "Larand, Manuel"]
[Black "Toullec, Renan"]
[Result "1-0"]
[WhiteElo "1953"]
[BlackElo "1658"]
[PlyCount "39"]
[EventDate "2009.07.11"]
[EventType "swiss"]
[EventRounds "9"]
[EventCountry "FRA"]
[SourceTitle "CBM 131 Extra"]
[Source "ChessBase"]
[SourceDate "2009.09.03"]
[SourceVersion "2"]
[SourceVersionDate "2009.09.16"]
[SourceQuality "1"]

1. c4 e5 2. g3 Nc6 3. Bg2 Nf6 4. Nc3 Bc5 5. e3 d6 6. Nge2 0-0 7. 0-0 Be6 8. d4 Bxc4 9. dxc5 dxc5 10. Qa4 Be6 11. Qb5 Bd7 12. Qxc5 h6 13. Rd1 Qc8 14. a3 Nh7 15. b4 Bh3 16. Bh1 Ng5 17. b5 Qg4 18. bxc6 b6 19. Qxe5 Rfe8 20. Qf4 1-0

[Event "Creon op 13th"]
[Site "Creon"]
[Date "2008.07.29"]
[Round "2"]
[White "Duda, Richard"]
[Black "Larand, Manuel"]
[Result "0-1"]
[WhiteElo "1772"]
[BlackElo "1966"]
[PlyCount "46"]
[EventDate "2008.07.28"]
[EventType "swiss"]
[EventRounds "9"]
[EventCountry "FRA"]
[SourceTitle "CBM 125 Extra"]
[Source "ChessBase"]
[SourceDate "2008.09.01"]
[SourceVersion "1"]
[SourceVersionDate "2008.09.01"]
[SourceQuality "1"]

1. e4 d6 2. d4 Nf6 3. Nc3 g6 4. f4 Bg7 5. Nf3 0-0 6. Bd3 Na6 7. 0-0 c5 8. dxc5 Nxc5 9. h3 b5 10. Qe1 b4 11. Nd1 Nxd3 12. cxd3 Ba6 13. Nf2 Qb8 14. Bd2 Rc8 15. Bxb4 Nh5 16. Qd2 Nxf4 17. Bc3 e5 18. Rac1 Qb6 19. Kh2 Rab8 20. g3 Ne6 21. Ng4 Rf8 22. Qe3 Qxe3 23. Nxe3 Bxd3 0-1

[Event "St Chely d'Aubrac op 6th"]
[Site "St Chely d'Aubrac"]
[Date "2006.07.19"]
[Round "6"]
[White "Lagunes, Jean Renaud"]
[Black "Larand, Manuel"]
[Result "1/2-1/2"]
[WhiteElo "2151"]
[BlackElo "2078"]
[PlyCount "32"]
[EventDate "2006.07.15"]
[EventType "swiss"]
[EventRounds "9"]
[EventCountry "FRA"]
[SourceTitle "CBM 113 Extra"]
[Source "ChessBase"]
[SourceDate "2006.09.14"]
[SourceVersion "1"]
[SourceVersionDate "2006.09.14"]
[SourceQuality "1"]

1. e4 d6 2. d4 Nf6 3. Nc3 g6 4. Bg5 Bg7 5. e5 Nfd7 6. exd6 cxd6 7. Qd2 Nc6 8. Nf3 Qa5 9. Bh6 Bxh6 10. Qxh6 Nf6 11. 0-0-0 Be6 12. a3 0-0-0 13. Qg5 Nd5 14. Nxd5 Bxd5 15. Qf4 b5 16. c3 Kb8 1/2-1/2

[Event "St Chely d'Aubrac op 6th"]
[Site "St Chely d'Aubrac"]
[Date "2006.07.18"]
[Round "5"]
[White "Saucey, Michel"]
[Black "Larand, Manuel"]
[Result "1/2-1/2"]
[WhiteElo "2342"]
[BlackElo "2078"]
[PlyCount "48"]
[EventDate "2006.07.15"]
[EventType "swiss"]
[EventRounds "9"]
[EventCountry "FRA"]
[SourceTitle "CBM 113 Extra"]
[Source "ChessBase"]
[SourceDate "2006.09.14"]
[SourceVersion "1"]
[SourceVersionDate "2006.09.14"]
[SourceQuality "1"]

1. c4 e5 2. Nc3 Nc6 3. g3 g6 4. Nf3 Bg7 5. Bg2 Nge7 6. d3 0-0 7. 0-0 h6 8. Rb1 f5 9. Bd2 a5 10. a3 d6 11. b4 axb4 12. axb4 g5 13. b5 Nb8 14. Ne1 Nd7 15. Nc2 Nc5 16. Nb4 Kh8 17. Ncd5 f4 18. b6 c6 19. Nc7 Rb8 20. Bc3 Bf5 21. Na2 Nc8 22. Ba5 g4 23. Nb4 Qg5 24. Re1 Qg6 1/2-1/2

[Event "Creon op 9th"]
[Site "Creon"]
[Date "2004.08.02"]
[Round "1"]
[White "Chatalbashev, Boris"]
[Black "Larand, Manuel"]
[Result "1-0"]
[WhiteElo "2561"]
[BlackElo "2060"]
[PlyCount "79"]
[EventDate "2004.08.02"]
[EventType "swiss"]
[EventRounds "9"]
[EventCountry "FRA"]
[SourceTitle "CBM 101 Extra"]
[Source "ChessBase"]
[SourceDate "2004.09.01"]
[SourceVersion "2"]
[SourceVersionDate "2004.09.01"]
[SourceQuality "1"]

1. d4 Nf6 2. c4 c5 3. d5 b5 4. Nf3 g6 5. cxb5 a6 6. Nc3 axb5 7. d6 Qa5 8. e3 Ba6 9. b4 Qxb4 10. Bd2 Qg4 11. Nxb5 Bxb5 12. Bxb5 Ne4 13. 0-0 Bg7 14. dxe7 Qe6 15. Rc1 Kxe7 16. Bd3 d6 17. Bxe4 Qxe4 18. Ng5 Qa4 19. Qf3 Bf6 20. Ne4 Bg7 21. Bc3 Bxc3 22. Nxc3 Qc6 23. Nd5+ Kf8 24. Qf6 Rg8 25. Ne7 Nd7 26. Qh4 Qa6 27. Rc4 Qxa2 28. Nxg8 Kxg8 29. Re4 Kg7 30. Qe7 Qd5 31. h4 Ne5 32. Rf4 Qe6 33. Qxe6 fxe6 34. Rb1 Ra7 35. Re4 Kf6 36. Rb6 Nf7 37. g4 h6 38. Kg2 g5 39. h5 Rd7 40. f4 1-0

[Event "St Chely d'Aubrac op 4th"]
[Site "St Chely d'Aubrac"]
[Date "2004.07.21"]
[Round "6"]
[White "Larand, Manuel"]
[Black "Todorov, Ognjan"]
[Result "0-1"]
[WhiteElo "2060"]
[BlackElo "2349"]
[PlyCount "64"]
[EventDate "2004.07.17"]
[EventType "swiss"]
[EventRounds "9"]
[EventCountry "FRA"]
[SourceTitle "CBM 101 Extra"]
[Source "ChessBase"]
[SourceDate "2004.09.01"]
[SourceVersion "2"]
[SourceVersionDate "2004.09.01"]
[SourceQuality "1"]

1. c4 e5 2. Nc3 Bb4 3. Nd5 Be7 4. d4 d6 5. e4 c6 6. Nxe7 Qxe7 7. d5 Nf6 8. Bd3 Na6 9. Ne2 Nc5 10. Nc3 h6 11. Bc2 0-0 12. b4 Na6 13. Ba3 cxd5 14. exd5 b6 15. 0-0 Ne8 16. Qh5 f5 17. Rae1 Bd7 18. f4 e4 19. Bb3 Kh7 20. h3 Nf6 21. Qh4 Rfe8 22. g4 fxg4 23. hxg4 Nxg4 24. Qxe7 Rxe7 25. Nxe4 Rae8 26. Bc2 Kh8 27. f5 Re5 28. Bd3 Bxf5 29. Nxd6 Bxd3 30. Nf7+ Kg8 31. Nxe5 Bxf1 32. Kxf1 Rxe5 0-1

[Event "St Chely d'Aubrac op 4th"]
[Site "St Chely d'Aubrac"]
[Date "2004.07.19"]
[Round "4"]
[White "Popchev, Milko"]
[Black "Larand, Manuel"]
[Result "1-0"]
[WhiteElo "2449"]
[BlackElo "2060"]
[PlyCount "79"]
[EventDate "2004.07.17"]
[EventType "swiss"]
[EventRounds "9"]
[EventCountry "FRA"]
[SourceTitle "CBM 101 Extra"]
[Source "ChessBase"]
[SourceDate "2004.09.01"]
[SourceVersion "2"]
[SourceVersionDate "2004.09.01"]
[SourceQuality "1"]

1. e4 d6 2. d4 Nf6 3. Nc3 g6 4. g3 Bg7 5. Bg2 0-0 6. Nge2 e5 7. 0-0 c6 8. a4 a5 9. h3 Na6 10. Be3 Nb4 11. f4 exd4 12. Bxd4 Re8 13. Qd2 d5 14. e5 Ne4 15. Nxe4 dxe4 16. Rad1 f5 17. c3 Nd3 18. Nc1 Nxc1 19. Qxc1 Be6 20. Bc5 Qc7 21. Qe3 Qf7 22. Rd4 Bb3 23. Rf2 Red8 24. Rfd2 Rxd4 25. Qxd4 Bf8 26. Bf1 Bd5 27. c4 Be6 28. b3 Be7 29. Bd6 Rc8 30. Qa7 Bd8 31. Bc5 Qc7 32. Rd6 Kf7 33. Be3 c5 34. Bxc5 Qxc5+ 35. Qxc5 Rxc5 36. Rxd8 Rc6 37. Be2 Rb6 38. Bd1 h5 39. Kf2 Ke7 40. Ra8 1-0

[Event "FRA-chT2 0304"]
[Site "France"]
[Date "2004.01.17"]
[Round "5"]
[White "Larand, Manuel"]
[Black "Roinel, Franck"]
[Result "1-0"]
[WhiteElo "2058"]
[BlackElo "2161"]
[PlyCount "123"]
[EventDate "2003.10.??"]
[EventType "team-tourn"]
[EventRounds "11"]
[EventCountry "FRA"]
[SourceTitle "EXT 2005"]
[Source "ChessBase"]
[SourceDate "2004.11.15"]
[SourceVersion "1"]
[SourceVersionDate "2004.11.15"]
[SourceQuality "1"]

1. c4 e5 2. Nc3 Nf6 3. g3 c6 4. Nf3 e4 5. Nd4 d5 6. cxd5 Bc5 7. Nb3 Bb6 8. dxc6 Nxc6 9. Bg2 Bf5 10. 0-0 0-0 11. Kh1 Ne5 12. d4 exd3 13. Bxb7 dxe2 14. Nxe2 Qc7 15. Bxa8 Rxa8 16. Ned4 Rd8 17. Bf4 Qb7+ 18. f3 Neg4 19. h3 Bxd4 20. Nxd4 Qxb2 21. hxg4 Nxg4 22. Qe2 Qxd4 23. fxg4 Bd3 24. Qf2 Qd5+ 25. Kh2 Bxf1 26. Rxf1 h6 27. Qxa7 Ra8 28. Qe3 Rxa2+ 29. Rf2 Ra1 30. Qf3 Qd7 31. Rd2 Qa7 32. Be3 Qe7 33. Qf5 Re1 34. Bc5 Qe8 35. Rc2 Qa8 36. Bg1 Re8 37. Rc7 Qa2+ 38. Bf2 Qb3 39. Rc2 g6 40. Qc5 Qf3 41. Rd2 Qxg4 42. Qc6 Qh5+ 43. Kg2 Qe5 44. Bd4 Qe7 45. Qf6 Qxf6 46. Bxf6 g5 47. Rd7 Rc8 48. Kf3 Kh7 49. Be5 Kg6 50. Rd6+ Kf5 51. Bg7 g4+ 52. Ke3 h5 53. Rf6+ Kg5 54. Rxf7 Ra8 55. Bf8 Re8+ 56. Kf2 Re6 57. Bb4 Ra6 58. Rg7+ Kh6 59. Rg8 Rf6+ 60. Kg2 Rf5 61. Bd2+ Kh7 62. Rg5 1-0

[Event "Creon op 8th"]
[Site "Creon"]
[Date "2003.07.30"]
[Round "5"]
[White "Van der Stricht, Geert"]
[Black "Larand, Manuel"]
[Result "1-0"]
[WhiteElo "2450"]
[BlackElo "2082"]
[PlyCount "111"]
[EventDate "2003.07.28"]
[EventType "swiss"]
[EventRounds "9"]
[EventCountry "FRA"]
[SourceTitle "CBM 095 Extra"]
[Source "ChessBase"]
[SourceDate "2003.09.04"]
[SourceVersion "1"]
[SourceVersionDate "2003.09.04"]
[SourceQuality "1"]

1. d4 d6 2. e4 Nf6 3. Nc3 g6 4. Nf3 Bg7 5. Be2 0-0 6. 0-0 c6 7. h3 Nbd7 8. e5 Ne8 9. Bf4 dxe5 10. dxe5 Nc7 11. Qc1 Ne6 12. Bh6 Qa5 13. Bxg7 Kxg7 14. Qe3 Qb4 15. a3 Qxb2 16. Rfb1 Qxc2 17. g4 Nf4 18. Nd4 Nxe2+ 19. Ndxe2 g5 20. Nd4 Qg6 21. Nf5+ Kh8 22. Nxe7 Qg7 23. Nxc8 Rfxc8 24. Rxb7 Nxe5 25. Re1 Re8 26. Kg2 Qg6 27. Rxa7 Rad8 28. Qe4 Kg7 29. Qxg6+ Nxg6 30. Rxe8 Rxe8 31. Rc7 Nf4+ 32. Kg3 Re6 33. h4 h6 34. hxg5 hxg5 35. a4 Rh6 36. f3 Rh3+ 37. Kf2 Rh2+ 38. Ke3 Rc2 39. Rxc6 Nd5+ 40. Kd4 Rd2+ 41. Ke4 Nxc3+ 42. Rxc3 Ra2 43. Rc4 Ra3 44. f4 gxf4 45. Kxf4 Ra1 46. Ke5 Kg6 47. Kd6 Kg5 48. Kc6 f6 49. Kb5 Rb1+ 50. Rb4 Rxb4+ 51. Kxb4 Kxg4 52. a5 f5 53. a6 f4 54. a7 Kf3 55. a8Q+ Ke2 56. Qe4+ 1-0

[Event "Condom op 2nd"]
[Site "Condom"]
[Date "2003.07.12"]
[Round "1"]
[White "Tsifanskaya, Ludmila A"]
[Black "Larand, Manuel"]
[Result "1/2-1/2"]
[WhiteElo "2235"]
[BlackElo "2082"]
[PlyCount "40"]
[EventDate "2003.07.12"]
[EventType "swiss"]
[EventRounds "9"]
[EventCountry "FRA"]
[SourceTitle "CBM 095 Extra"]
[Source "ChessBase"]
[SourceDate "2003.09.04"]
[SourceVersion "1"]
[SourceVersionDate "2003.09.04"]
[SourceQuality "1"]

1. e4 d6 2. d4 Nf6 3. Nc3 g6 4. g3 Bg7 5. Bg2 0-0 6. Nge2 e5 7. h3 c6 8. a4 a5 9. Be3 Na6 10. 0-0 Nb4 11. f4 exd4 12. Bxd4 Be6 13. g4 Bc4 14. Re1 Qc7 15. Ng3 Rfd8 16. b3 Ba6 17. g5 Ne8 18. Bxg7 Nxg7 19. Rc1 Qb6+ 20. Kh2 Qf2 1/2-1/2